01314nam a2200337Ia 4500001001200000003000800012006001900020007001500039008004100054010001700095020001500112020001800127020001800145040002100163035002100184050002200205245012500227260005200352300002400404440005300428504005100481533015200532650001800684650002600702655002900728700002000757700003100777700002500808710001700833856012600850ebr10599154CaPaEBRm u cr cn|||||||||020531s2002 gw b sb 001 0 eng d z 2002072426 z3110173050 z9783110173055 z9783110852004 aCaPaEBRcCaPaEBR a(OCoLC)81550746414aP115b.O67 2002eb00aOpportunities and challenges of bilingualismh[electronic resource] /cedited by Li Wei, Jean-Marc Dewaele, Alex Housen. aBerlin ;aNew York :bMouton de Gruyter,c2002. axii, 346 p. :bmap. 0aContributions to the sociology of language ;v87 aIncludes bibliographical references and index. aElectronic reproduction.bPalo Alto, Calif. :cebrary,d2011.nAvailable via World Wide Web.nAccess may be limited to ebrary affiliated libraries. 0aBilingualism. 0aLanguage maintenance. 7aElectronic books.2local1 aWei, Li,d1961-1 aDewaele, Jean-Marc,d1962-1 aHousen, Alex,d1964-2 aebrary, Inc.40uhttp://site.ebrary.com/lib/rucke/Doc?id=10599154zAn electronic book accessible through the World Wide Web; click to view